000 00843nam a22002177a 4500
999 _c20307
_d20307
003 AR-CdUCM
008 190528b ||||| |||| 00| 0 spa d
040 _aMUNICIPALIDAD PROVINCIAL DEL CUSCO
_cBIBLIOTECA MUNICIPAL DEL CUSCO
082 _a985.03 /
_bM95
100 _aMuro Romero, Fernando
_942444
245 _aLas presidencias - gobernaciones en las Indias (siglo XVI) /
260 _aSevilla :
_bHispalensis,
_c1975.
300 _a255 páginas ;
_c25 cm.
440 _aEscuela de estudios Hispano Americanos de Sevilla
_942445
505 _aContenido :La organización gubernativa y militar en las diferentes provincias -- Organización gubernativa creación de audiencias...
650 _aCreación de audiencias
_942446
650 _aSanta fe
_942447
650 _aAudiencia de Chile
_942448
942 _2ddc
_cLIBROS
945 _arcc